El dinero, los ricos y los pobres : apuntes y comentarios /

Enregistré dans:
Détails bibliographiques
Auteur principal: García Sáinz, Francisco (autor)
Format: Livre
Langue:espagnol
Publié: México : Imprenta Mexicana, 1971, c1971
Sujets:
Tags: Ajouter un tag
Pas de tags, Soyez le premier à ajouter un tag!

MARC

LEADER 00000nam^a2200000^a^4500
001 000187615
005 20250521000000.0
009 20260310102307.034
037 |a Acervo ITESO - Biblioteca 
041 |a ESP 
082 |a 339. 2  |b GAR 
100 |a García Sáinz, Francisco  |e (autor) 
245 1 3 |a El dinero, los ricos y los pobres :  |b apuntes y comentarios /  |c F. García Sáinz. 
264 4 |a México :  |b Imprenta Mexicana,  |c 1971, c1971 
300 |a 96 p. 
336 |a texto  |b txt  |2 rdacontenido 
337 |a sin mediación  |b n  |2 rdamedio 
338 |a volumen  |b nc  |2 rdasoporte 
649 |a XX 
650 |a Pobreza 
650 |a Riqueza 
650 |a Distribución del Ingreso 
650 |a Igualdad y Desigualdad 
650 |a Desarrollo Económico-Social 
650 |a Dinero 
650 |a Finanzas 
650 |a Cristianismo y Economía 
650 |a Religión y Economía 
910 |a Fondo General 
920 |a Impresos - Libros 
930 |a Colección General 
905 |a 101 
901 |a 0500129996  |b IT1  |c ACC  |u 20250521 
902 |a https://opac.biblio.iteso.mx/vufind/Record/000187615